00638nam a2200193Ia 4500008004100000082001300041100001700054245003500071250000800106260002900114300001200143500002400155650001600179700001900195942000700214952010300221952010300324999001700427230524s9999 xx 000 0 und d a537bHAY aSimon Haykin 0aModern Wireless Communications aIST aNEW DELHIbPearsonc2009 aVII;663 aQuantity Number: 2 aElectronics a Michael Moher cBK 00104070aTATCLbTATCLcGENd2023-05-24l0o537 HAYp35636r2023-05-24w2023-05-24yBKzCPEE5308 00104070aTATCLbTATCLcGENd2023-05-24l0o537 HAYp35637r2023-05-24w2023-05-24yBKzCPEE5308 c45905d45905